| 000 | 00914cam a2200289 a 4500 | ||
|---|---|---|---|
| 999 |
_c4945 _d4945 |
||
| 001 | 4842 | ||
| 003 | BD-DhUAP | ||
| 005 | 20201125105030.0 | ||
| 008 | 201125s1996 nyua b 001 0 eng | ||
| 010 | _a 95033238 | ||
| 020 | _a0824793714 | ||
| 040 |
_aDLC _cDLC _dBD-DhUAP _beng |
||
| 082 | 0 | 0 |
_a615.1 MOD _223 |
| 245 | 0 | 0 |
_aModern pharmaceutics / _cedited by Gilbert S. Banker and Christopher T. Rhodes. |
| 250 | _a3rd rev. ed. | ||
| 260 |
_aNew York : _bM. Dekker, _cc1996. |
||
| 300 |
_aix, 943 pages : _billustrations ; _c26 cm. |
||
| 490 |
_aDrugs and the pharmaceutical sciences ; _vv. 72 |
||
| 504 | _aIncludes bibliographical references and index. | ||
| 650 | 0 |
_aDrugs _xDosage forms. |
|
| 650 | 0 | _aBiopharmaceutics. | |
| 650 | 0 | _aPharmacokinetics. | |
| 650 | 0 |
_aPharmaceutical industry _xQuality control. |
|
| 700 | 1 | _aBanker, Gilbert S. | |
| 700 | 1 | _aRhodes, Christopher T. | |
| 942 |
_2ddc _cBK |
||